| 000 | 02035cam a22005894i 4500 | ||
|---|---|---|---|
| 003 | PE-LiUPU | ||
| 005 | 20250731170430.0 | ||
| 008 | 150623s1985 miu rb 000 0 eng d | ||
| 020 | _a080280070X | ||
| 035 | _a(Sirsi) i9780802800701 | ||
| 040 |
_aPE-LiUPU _bspa _cPE-LiUPU _erda |
||
| 049 | _aPRUA | ||
| 082 | 0 | 4 |
_a174.2 _bJ72B _221 |
| 100 | 1 |
_aJones, David Gareth, _eautor. |
|
| 245 | 1 | 0 |
_aBrave new people : _bethical issues at the commencement of life / _cD. Gareth Jones. |
| 264 | 1 |
_aGrand Rapids, Michigan : _bWilliam B. Eerdmans Publishing Company, _c1985. |
|
| 300 |
_a224 páginas ; _c21 centímetros |
||
| 336 |
_atext _2rdacontent |
||
| 337 |
_aunmediated _2rdamedia |
||
| 338 |
_avolume _2rdacarrier |
||
| 504 | _aIncluye bibliografía. | ||
| 505 | 0 | _aFuture prospects and present concerns -- Biomedicine and technology -- Improving the quality of life -- New techniques and the beginning of life -- New beginnings for human life -- Tampering with heredity -- The ethics of therapeutic abortion -- Human technology and human values. | |
| 526 | _aSEG68 | ||
| 526 | _aSEG70 | ||
| 526 | _aSEG69 | ||
| 526 | _aSEG67 | ||
| 526 | _aSEG43 | ||
| 526 | _aP144 | ||
| 526 | _aP143 | ||
| 526 | _aP131 | ||
| 526 | _aP122 | ||
| 526 | _aP120 | ||
| 526 | _aP117 | ||
| 526 | _aP112 | ||
| 526 | _aP110 | ||
| 526 | _aP106 | ||
| 526 | _aP101 | ||
| 526 | _aP80 | ||
| 526 | _aP59 | ||
| 526 | _aP54 | ||
| 526 | _aP35 | ||
| 526 | _aP33 | ||
| 526 | _aP30 | ||
| 650 | 0 | 4 | _aBioética. |
| 650 | 0 | 4 |
_aIngeniería genética _xAspectos morales y éticos. |
| 942 |
_2ddc _cBOOK |
||
| 949 |
_a174.2 J72B _wDEWEY _c1 _i51158 _lCCODEBUL1 _mBUL _p10.00 _r0 _sY _tBOOK _u2015-6-24 _xTEOLOGIA _PP35 _0COMPRA _o.STAFF. Colección Teología |
||
| 994 |
_aC0 _bPEPRU |
||
| 596 | _a1 | ||
| 999 |
_a174.2 J72B _wDEWEY _c32858 _i51158 _f2021-11-9 _g5 _lCCODEBUL1 _mBUL _p10.00 _r0 _sY _tBOOK _u2015-6-24 _xTEOLOGIA _PP35 _0COMPRA _o.STAFF. Colección Teología _d32858 |
||
| 980 |
_81 _gALBERTO SANCHEZ Responsable de Automatización |
||